[Event "European School-ch 2019"]
[Site "Mamaia"]
[Date "2019.06.07"]
[Round "8.52"]
[White "Alimova, Dana"]
[Black "Mamardashvili, Ana"]
[Result "1-0"]
[WhiteElo "1732"]
[BlackElo "1415"]
[Annotator "NA RC"]
[PlyCount "120"]
[EventDate "2019.05.31"]
[EventType "swiss"]
[EventCountry "ROU"]
[SourceTitle "playchess.com"]
[Source "ChessBase"]
[SourceQuality "1"]

1. e4 c6 2. d4 d5 3. Nc3 dxe4 4. Nxe4 Bf5 5. Ng3 Bg6 6. h4 h6 7. Nf3 Nd7 8. h5 Bh7 9. Bd3 Bxd3 10. Qxd3 e6 11. Bd2 Ngf6 12. O-O-O Be7 13. Kb1 O-O 14. Ne4 Nxe4 15. Qxe4 Nf6 16. Qe2 Qd5 17. Ne5 Qe4 18. Qxe4 Nxe4 19. Be3 Rac8 20. g4 Rfd8 21. f3 Nf6 22. c4 Nd7 23. f4 b5 24. cxb5 cxb5 25. Rc1 Nxe5 26. dxe5 a6 27. Rxc8 Rxc8 28. Rc1 Rd8 29. Kc2 a5 30. Bb6 Rc8+ 31. Kd1 Rxc1+ 32. Kxc1 a4 33. Kc2 g6 34. Kd3 Kg7 35. Bd4 gxh5 36. gxh5 Kh7 37. Ke4 Bb4 38. Bc3 a3 39. Bd4 Be7 40. bxa3 Bxa3 41. Bb6 Be7 42. Kd4 Kg7 43. Bc5 Bh4 44. Ke4 Be1 45. Be7 Bd2 46. f5 exf5+ 47. Kxf5 Bc1 48. Ke4 Bb2 49. Kd5 Kg8 50. Bd6 Bc3 51. Kc5 b4 52. Kc4 f5 53. e6 Bd2 54. Bxb4 Be3 55. Kd5 f4 56. Ke4 Kg7 57. Bd6 Kf6 58. Bxf4 Ba7 59. Kd5 Kg7 60. Kc6 Kf6 1-0

[Event "European School-ch 2019"]
[Site "Mamaia"]
[Date "2019.06.07"]
[Round "8.53"]
[White "Obada, Ema"]
[Black "Moskaleva, Arina"]
[Result "1-0"]
[WhiteElo "1889"]
[BlackElo "1613"]
[Annotator "NA RC"]
[PlyCount "71"]
[EventDate "2019.05.31"]
[EventType "swiss"]
[EventCountry "ROU"]
[SourceTitle "playchess.com"]
[Source "ChessBase"]
[SourceQuality "1"]

1. e4 c5 2. Nf3 a6 3. d4 cxd4 4. Nxd4 Nf6 5. Bd3 d6 6. O-O e5 7. Nf3 Be7 8. c4 Nc6 9. Nc3 O-O 10. h3 Ne8 11. Nd5 f5 12. exf5 Bxf5 13. Bxf5 Rxf5 14. Be3 Rf7 15. Qd3 h6 16. Rad1 Bf6 17. Nd2 Bg5 18. Bb6 Qd7 19. Ne4 Bd8 20. Be3 Ne7 21. Nxe7+ Bxe7 22. c5 Rd8 23. cxd6 Nxd6 24. Bb6 Rdf8 25. Nxd6 Bxd6 26. Qxd6 Qb5 27. Be3 Qxb2 28. Qd5 b5 29. Qe6 Kh8 30. Qxa6 Rf6 31. Qa5 Rg6 32. Rd8 Rxd8 33. Qxd8+ Kh7 34. Qd5 b4 35. Rc1 Qa3 36. Rc8 1-0

[Event "European School-ch 2019"]
[Site "Mamaia"]
[Date "2019.06.07"]
[Round "8.54"]
[White "Trzaskowska, Hanna"]
[Black "Vorobyova, Ekaterina"]
[Result "1/2-1/2"]
[WhiteElo "1570"]
[BlackElo "1795"]
[Annotator "NA RC"]
[PlyCount "115"]
[EventDate "2019.05.31"]
[EventType "swiss"]
[EventCountry "ROU"]
[SourceTitle "playchess.com"]
[Source "ChessBase"]
[SourceQuality "1"]

1. e4 e5 2. Nf3 Nc6 3. Nc3 Nf6 4. d4 exd4 5. Nxd4 Bb4 6. Nxc6 bxc6 7. Bd3 d5 8. exd5 cxd5 9. O-O O-O 10. Bg5 c6 11. Qf3 Be7 12. Rfe1 Be6 13. Ne2 h6 14. Bf4 c5 15. c3 Qd7 16. h3 Rfe8 17. Ng3 Rad8 18. Be5 d4 19. c4 a5 20. b3 Ra8 21. Nf5 Bxf5 22. Bxf5 Qd8 23. Qc6 d3 24. Rad1 d2 25. Re2 Bd6 26. Rexd2 Rxe5 27. Rxd6 Qe8 28. Qxa8 Qxa8 29. Rd8+ Re8 30. Rxa8 Rxa8 31. Rd6 a4 32. Rc6 axb3 33. axb3 Kf8 34. Rxc5 Rb8 35. Rc8+ Rxc8 36. Bxc8 Ke7 37. b4 Ne4 38. Bb7 Nc3 39. c5 Kd7 40. Kf1 f5 41. Ke1 g5 42. Kd2 Nb5 43. Kd3 h5 44. Kc4 Na3+ 45. Kd5 Kc7 46. Ba6 f4 47. Be2 Nc2 48. b5 h4 49. b6+ Kb8 50. c6 Nb4+ 51. Kc5 f3 52. gxf3 g4 53. fxg4 Na6+ 54. Bxa6 Ka8 55. Bd3 Kb8 56. c7+ Kb7 57. Be4+ Kc8 58. Bf5+ 1/2-1/2

[Event "European School-ch 2019"]
[Site "Mamaia"]
[Date "2019.06.07"]
[Round "8.55"]
[White "Babayeva, Nasrin"]
[Black "Zyapaeva, Polina"]
[Result "0-1"]
[WhiteElo "1451"]
[BlackElo "1806"]
[Annotator "NA RC"]
[PlyCount "78"]
[EventDate "2019.05.31"]
[EventType "swiss"]
[EventCountry "ROU"]
[SourceTitle "playchess.com"]
[Source "ChessBase"]
[SourceQuality "1"]

1. c4 c5 2. g3 Nc6 3. Bg2 g6 4. Nf3 Bg7 5. Nc3 d6 6. O-O e5 7. d3 Nge7 8. Ne1 O-O 9. Nc2 f5 10. Ne3 g5 11. Ned5 Ng6 12. a3 f4 13. e3 Be6 14. Rb1 Rf7 15. Ne4 Bh6 16. b4 cxb4 17. axb4 Kg7 18. b5 Nce7 19. Nxe7 Nxe7 20. Ba3 Nf5 21. exf4 gxf4 22. Qg4+ Kh8 23. Nxd6 Rg7 24. Qh5 Rg5 25. Nf7+ Bxf7 26. Qxf7 Bg7 27. Qxb7 Rb8 28. Qd5 Qf6 29. Bb2 Ne7 30. Qf3 Nf5 31. Rbe1 Qd6 32. Qd5 fxg3 33. Qxd6 gxh2+ 34. Kxh2 Nxd6 35. Ra1 e4 36. Bxg7+ Rxg7 37. Bxe4 Nxe4 38. dxe4 Re8 39. f3 Re5 0-1

[Event "European School-ch 2019"]
[Site "Mamaia"]
[Date "2019.06.08"]
[Round "9.1"]
[White "Schitco, Ivan"]
[Black "Celik, Eylul"]
[Result "1-0"]
[WhiteElo "2458"]
[BlackElo "1841"]
[Annotator "ChessBase"]
[PlyCount "74"]
[EventDate "2019.05.31"]
[EventType "swiss"]
[EventCountry "ROU"]
[SourceTitle "playchess.com"]
[Source "ChessBase"]
[SourceQuality "1"]

1. Nf3 d5 2. c4 c6 3. g3 Nf6 4. Bg2 e6 5. O-O Be7 6. b3 O-O 7. Bb2 Nbd7 8. d3 Qc7 9. Nc3 b6 10. Rc1 Qd8 11. a3 Bb7 12. b4 c5 13. cxd5 Nxd5 14. Qd2 Nxc3 15. Bxc3 Rc8 16. Qb2 Bf6 17. Bxf6 Qxf6 18. Qxf6 gxf6 19. Nd2 Bxg2 20. Kxg2 f5 21. Nc4 Kg7 22. b5 Kf6 23. f4 a6 24. Rb1 a5 25. Kf3 e5 26. Kg2 Ke6 27. fxe5 Rg8 28. Rf4 Rg4 29. Rbf1 Rxf4 30. gxf4 f6 31. exf6 Nxf6 32. Nxb6 Rb8 33. Nc4 Rxb5 34. Kf3 Ng4 35. Rh1 Rb3 36. h3 Nf6 37. Rg1 Kd5 1-0

[Event "European School-ch 2019"]
[Site "Mamaia"]
[Date "2019.06.08"]
[Round "9.2"]
[White "Stoleriu, George"]
[Black "David, Bogdan-Emanuel"]
[Result "1/2-1/2"]
[WhiteElo "2372"]
[BlackElo "2162"]
[Annotator "ChessBase"]
[PlyCount "66"]
[EventDate "2019.05.31"]
[EventType "swiss"]
[EventCountry "ROU"]
[SourceTitle "playchess.com"]
[Source "ChessBase"]
[SourceQuality "1"]

1. e4 c5 2. b3 Nc6 3. Bb2 e5 4. Nc3 g6 5. Bc4 Bg7 6. Nge2 Nge7 7. O-O a6 8. a4 d6 9. f4 O-O 10. Nd5 Rb8 11. Nxe7+ Nxe7 12. fxe5 b5 13. axb5 axb5 14. exd6 Bxb2 15. dxe7 Qxe7 16. Bd5 Bxa1 17. Qxa1 Rb6 18. Nf4 Qf6 19. Qxf6 Rxf6 20. Nd3 Rd6 21. Nxc5 Be6 22. Bxe6 fxe6 23. Rxf8+ Kxf8 24. Nd3 Ke7 25. Kf2 Ra6 26. Nb4 Ra1 27. Nc6+ Kd6 28. Nb4 Ke5 29. Ke3 Re1+ 30. Kf3 Rf1+ 31. Ke3 Re1+ 32. Kf3 Rf1+ 33. Ke3 Re1+ 1/2-1/2

[Event "European School-ch 2019"]
[Site "Mamaia"]
[Date "2019.06.08"]
[Round "9.3"]
[White "Sahin, Hayrun Nisa"]
[Black "Mammadov, Sadig"]
[Result "0-1"]
[WhiteElo "1734"]
[BlackElo "2208"]
[Annotator "ChessBase"]
[PlyCount "66"]
[EventDate "2019.05.31"]
[EventType "swiss"]
[EventCountry "ROU"]
[SourceTitle "playchess.com"]
[Source "ChessBase"]
[SourceQuality "1"]

1. e4 e6 2. d4 d5 3. Nd2 a6 4. Ngf3 c5 5. dxc5 Bxc5 6. Bd3 Nc6 7. c3 Qc7 8. Qe2 Nf6 9. e5 Ng4 10. O-O Ngxe5 11. Bc2 Be7 12. Nb3 Nxf3+ 13. Qxf3 O-O 14. Qh3 f5 15. g4 g6 16. gxf5 exf5 17. Kh1 Bf6 18. Rg1 Bg7 19. Qg2 b6 20. Bd1 Bb7 21. Bf3 Rad8 22. Bg5 Rd7 23. Rad1 Ne5 24. Bxd5+ Rxd5 25. Rxd5 Nd3 26. Nd2 Nxf2+ 27. Qxf2 Bxd5+ 28. Nf3 Re8 29. Rd1 Qc6 30. Kg2 h6 31. Be3 f4 32. Bd4 Bxd4 33. Rxd4 Bxf3+ 0-1

[Event "European School-ch 2019"]
[Site "Mamaia"]
[Date "2019.06.08"]
[Round "9.4"]
[White "Gayun, Dmytro"]
[Black "Ozkurt, Kutay"]
[Result "1/2-1/2"]
[WhiteElo "2271"]
[BlackElo "1885"]
[Annotator "ChessBase"]
[PlyCount "84"]
[EventDate "2019.05.31"]
[EventType "swiss"]
[EventCountry "ROU"]
[SourceTitle "playchess.com"]
[Source "ChessBase"]
[SourceQuality "1"]

1. d4 d5 2. c4 dxc4 3. Nf3 Nf6 4. e3 e6 5. Bxc4 a6 6. O-O Nbd7 7. Be2 c5 8. b3 b6 9. Bb2 Bb7 10. Nbd2 Be7 11. Ne1 cxd4 12. Bxd4 O-O 13. Nd3 Nc5 14. Bxc5 Bxc5 15. Nxc5 bxc5 16. Qc2 Rc8 17. Rfd1 Nd5 18. a3 Qe7 19. Nc4 Rfd8 20. Bf3 Qc7 21. Rd3 Ba8 22. Rc1 Nf6 23. Bxa8 Rxa8 24. Nb2 Qe5 25. h3 h6 26. Rxd8+ Rxd8 27. Nd3 Qd6 28. Nxc5 Rc8 29. Qd3 Nd5 30. b4 Qb6 31. Rb1 a5 32. Na4 Qc7 33. b5 Rb8 34. g3 h5 35. e4 Nf6 36. Qc3 Qe7 37. Qxa5 Qxa3 38. Qb4 Qf3 39. Qd6 Ra8 40. Nc5 Nxe4 41. Nxe4 Qxe4 42. Rc1 h4 1/2-1/2

[Event "European School-ch 2019"]
[Site "Mamaia"]
[Date "2019.06.08"]
[Round "9.5"]
[White "Verbin, Valentina"]
[Black "Zemnitskiy, Alexander"]
[Result "0-1"]
[WhiteElo "1961"]
[BlackElo "2024"]
[Annotator "NA"]
[PlyCount "94"]
[EventDate "2019.05.31"]
[EventType "swiss"]
[EventCountry "ROU"]
[SourceTitle "playchess.com"]
[Source "ChessBase"]
[SourceQuality "1"]

1. e4 c5 2. Nf3 e6 3. d4 cxd4 4. Nxd4 a6 5. Nc3 b5 6. Bd3 Bb7 7. O-O Qc7 8. Qe2 d6 9. Bd2 Nf6 10. a4 b4 11. Na2 d5 12. e5 Ne4 13. Bxb4 Qxe5 14. c3 Bd6 15. Bxd6 Qxd6 16. f3 Nf6 17. Nf5 Qc5+ 18. Kh1 O-O 19. b4 Qc7 20. Ng3 h5 21. f4 g6 22. f5 exf5 23. Bxf5 h4 24. Bh3 Nh7 25. Nf5 gxf5 26. Bxf5 f6 27. Qh5 Nc6 28. Rf4 Ng5 29. Rxh4 Qg7 30. Rg4 Ne5 31. Be6+ Nxe6 32. Rxg7+ Nxg7 33. Qh6 Rae8 34. Rf1 Ng4 35. Qh4 Re4 36. Nc1 Ne3 37. Rf4 Ngf5 38. Rxe4 Nxh4 39. Rxh4 Re8 40. Nd3 Nd1 41. Rg4+ Kf7 42. h4 Re3 43. Rd4 Rxd3 44. Rxd3 Nf2+ 45. Kg1 Nxd3 46. Kf1 Nb2 47. a5 Na4 0-1

[Event "European School-ch 2019"]
[Site "Mamaia"]
[Date "2019.06.08"]
[Round "9.7"]
[White "Ognean, Mihnea-Ionut"]
[Black "Dotsenko, Makar"]
[Result "1-0"]
[WhiteElo "2260"]
[BlackElo "1610"]
[Annotator "ChessBase"]
[PlyCount "69"]
[EventDate "2019.05.31"]
[EventType "swiss"]
[EventCountry "ROU"]
[SourceTitle "playchess.com"]
[Source "ChessBase"]
[SourceQuality "1"]

1. e4 c5 2. Nf3 Nc6 3. d4 cxd4 4. Nxd4 e5 5. Nb5 d6 6. N1c3 a6 7. Na3 b5 8. Nd5 Nf6 9. Bg5 Be7 10. Bxf6 Bxf6 11. c3 Bg5 12. Nc2 Ne7 13. h4 Bh6 14. a4 bxa4 15. Ncb4 O-O 16. Rxa4 a5 17. Nxe7+ Qxe7 18. Nd5 Qb7 19. Ra2 Be6 20. Bc4 f5 21. exf5 Rxf5 22. O-O e4 23. Ne3 Bxc4 24. Nxc4 Rd5 25. Qe2 Re8 26. Rxa5 Rxa5 27. Nxa5 Qe7 28. g3 d5 29. Nb3 Qe5 30. Nd4 e3 31. f4 Qe4 32. Qg2 g6 33. Qxe4 Rxe4 34. Ne2 Bf8 35. Rd1 1-0

[Event "European School-ch 2019"]
[Site "Mamaia"]
[Date "2019.06.08"]
[Round "9.8"]
[White "Padurariu, Mihai-Edward"]
[Black "Ceres, Dragos"]
[Result "1/2-1/2"]
[WhiteElo "2090"]
[BlackElo "2291"]
[Annotator "ChessBase"]
[PlyCount "58"]
[EventDate "2019.05.31"]
[EventType "swiss"]
[EventCountry "ROU"]
[SourceTitle "playchess.com"]
[Source "ChessBase"]
[SourceQuality "1"]

1. d4 Nf6 2. Bg5 e6 3. Nd2 c5 4. e3 d5 5. c3 Bd6 6. Bd3 Nbd7 7. f4 b6 8. Ngf3 Bb7 9. Ne5 Qc8 10. Bxf6 gxf6 11. Nxd7 Qxd7 12. O-O h5 13. Qe2 c4 14. Bc2 f5 15. Rf3 h4 16. Rh3 O-O-O 17. Nf3 Be7 18. Ne5 Qe8 19. b3 Bf6 20. b4 a6 21. a4 Qe7 22. a5 b5 23. Rf1 Rdg8 24. Kh1 Rh7 25. Rf2 Rhg7 26. Bd1 Qf8 27. Qc2 Rg4 28. Qd2 Qg7 29. Qe2 Kc7 1/2-1/2

[Event "European School-ch 2019"]
[Site "Mamaia"]
[Date "2019.06.08"]
[Round "9.9"]
[White "Tinarlioglu, Emre"]
[Black "Radojicic, Aleksandar M"]
[Result "1/2-1/2"]
[WhiteElo "1907"]
[BlackElo "1906"]
[Annotator "NA"]
[PlyCount "65"]
[EventDate "2019.05.31"]
[EventType "swiss"]
[EventCountry "ROU"]
[SourceTitle "playchess.com"]
[Source "ChessBase"]
[SourceQuality "1"]

1. e4 c5 2. Nf3 e6 3. c3 d5 4. exd5 exd5 5. d4 Nc6 6. Be3 c4 7. b3 cxb3 8. axb3 Bd6 9. Bd3 Nf6 10. O-O O-O 11. Bg5 Bg4 12. Nbd2 Bh5 13. Re1 Bg6 14. Nf1 Be7 15. Ne5 Bxd3 16. Qxd3 h6 17. Bh4 Re8 18. Ne3 Ne4 19. Bxe7 Rxe7 20. Nxc6 bxc6 21. f3 Nd6 22. Ng4 f6 23. Qg6 Kh8 24. Kf2 Qe8 25. Qd3 Rb8 26. Rxe7 Qxe7 27. Re1 Qd7 28. b4 Nb5 29. Ne3 Re8 30. Ra1 Re7 31. Ra5 Qe6 32. Ra1 Qd7 33. Ra5 1/2-1/2

[Event "European School-ch 2019"]
[Site "Mamaia"]
[Date "2019.06.08"]
[Round "9.10"]
[White "Balan, Bogdan"]
[Black "Ochedzan, Tymon"]
[Result "1-0"]
[WhiteElo "2027"]
[BlackElo "2064"]
[Annotator "NA"]
[PlyCount "133"]
[EventDate "2019.05.31"]
[EventType "swiss"]
[EventCountry "ROU"]
[SourceTitle "playchess.com"]
[Source "ChessBase"]
[SourceQuality "1"]

1. e4 c5 2. Nf3 d6 3. d4 cxd4 4. Nxd4 Nf6 5. Nc3 a6 6. Be3 e5 7. Nde2 Be6 8. f4 Nc6 9. Nd5 Bxd5 10. exd5 Qa5+ 11. Nc3 Nb4 12. Bc4 Rc8 13. Bb3 Rxc3 14. bxc3 Nbxd5 15. Qd2 exf4 16. Bxf4 Nxf4 17. Qxf4 Qxc3+ 18. Kf2 Be7 19. Rhe1 O-O 20. Rad1 Qc5+ 21. Qd4 Qc7 22. g3 d5 23. Kg2 Bc5 24. Qf4 Qc6 25. Qf3 Rd8 26. Re5 Bb6 27. c4 Qc7 28. Qf5 dxc4 29. Rxd8+ Qxd8 30. Bxc4 g6 31. Qf3 Bd4 32. Re2 b5 33. Bb3 Kg7 34. Qb7 Qd7 35. Re7 Qxb7+ 36. Rxb7 Kh6 37. Rxf7 Kg5 38. Be6 h5 39. Kf3 Kh6 40. Kf4 a5 41. h3 Bb2 42. Rb7 g5+ 43. Kf3 b4 44. Bf5 Bc3 45. g4 hxg4+ 46. hxg4 a4 47. Ke2 b3 48. axb3 axb3 49. Rxb3 Be5 50. Rb7 Bd4 51. Kd3 Be5 52. Kc4 Ba1 53. Kc5 Be5 54. Kc6 Bf4 55. Rf7 Be5 56. Kb7 Bd4 57. Kc8 Be5 58. Kd8 Bc3 59. Rb7 Bd4 60. Rf7 Bc3 61. Ke7 Bd4 62. Ke6 Bc3 63. Rb7 Ba1 64. Rb1 Bc3 65. Kf7 Nh5 66. Rh1 Bf6 67. Rxh5# 1-0

[Event "European School-ch 2019"]
[Site "Mamaia"]
[Date "2019.06.08"]
[Round "9.11"]
[White "Neshev, Nikola"]
[Black "Bonciu, David"]
[Result "0-1"]
[WhiteElo "1370"]
[BlackElo "1886"]
[Annotator "NA"]
[PlyCount "104"]
[EventDate "2019.05.31"]
[EventType "swiss"]
[EventCountry "ROU"]
[SourceTitle "playchess.com"]
[Source "ChessBase"]
[SourceQuality "1"]

1. e4 c5 2. Nf3 Nc6 3. d4 cxd4 4. Nxd4 g6 5. Nc3 Bg7 6. Be3 Nf6 7. Bc4 O-O 8. f3 d6 9. Qd2 Bd7 10. O-O-O Rc8 11. Bb3 Ne5 12. g4 Nc4 13. Bxc4 Rxc4 14. h4 Qa5 15. Kb1 Rfc8 16. h5 b5 17. hxg6 fxg6 18. e5 b4 19. exf6 bxc3 20. Qh2 exf6 21. Qxh7+ Kf7 22. Rh6 Rxd4 23. Bxd4 Qg5 24. Be3 Qxe3 25. Qxg6+ Kf8 26. Rh7 Qe7 27. Rdh1 Be6 28. Re1 Qb7 29. Qxg7+ Qxg7 30. Rxg7 Bxa2+ 31. Kxa2 Kxg7 32. Re7+ Kg6 33. Rxa7 cxb2 34. Kxb2 f5 35. Ra6 Rd8 36. Ra4 Rc8 37. c3 fxg4 38. Rxg4+ Kf5 39. Re4 d5 40. Re3 Kf4 41. Rd3 Ke5 42. Kc2 Rc4 43. Re3+ Kf4 44. Kd3 Rxc3+ 45. Kxc3 Kxe3 46. f4 d4+ 47. Kc2 Ke2 48. f5 d3+ 49. Kc3 d2 50. Kd4 d1=Q+ 51. Ke5 Qd8 52. Ke6 Qf8 0-1

[Event "European School-ch 2019"]
[Site "Mamaia"]
[Date "2019.06.08"]
[Round "9.12"]
[White "Silich, Yahor"]
[Black "Levin, Guy"]
[Result "1/2-1/2"]
[WhiteElo "2082"]
[BlackElo "2054"]
[Annotator "NA"]
[PlyCount "38"]
[EventDate "2019.05.31"]
[EventType "swiss"]
[EventCountry "ROU"]
[SourceTitle "playchess.com"]
[Source "ChessBase"]
[SourceQuality "1"]

1. e4 c5 2. Nf3 Nc6 3. Bb5 g6 4. O-O Bg7 5. Re1 Nf6 6. e5 Nd5 7. Nc3 Nc7 8. Bxc6 dxc6 9. Ne4 b6 10. d3 Ne6 11. h3 O-O 12. a4 a5 13. Be3 Qc7 14. Qd2 Bxe5 15. Nxe5 Qxe5 16. Ng5 Qd6 17. Nxe6 Bxe6 18. Bf4 Qd7 19. Re2 Rfe8 1/2-1/2

[Event "European School-ch 2019"]
[Site "Mamaia"]
[Date "2019.06.08"]
[Round "9.13"]
[White "Nastore, Pavel-Alexandru"]
[Black "Nedelcu, Teodor-Cosmin"]
[Result "1-0"]
[WhiteElo "1942"]
[BlackElo "1954"]
[Annotator "NA"]
[PlyCount "153"]
[EventDate "2019.05.31"]
[EventType "swiss"]
[EventCountry "ROU"]
[SourceTitle "playchess.com"]
[Source "ChessBase"]
[SourceQuality "1"]

1. d4 d5 2. c4 e6 3. Nc3 Nf6 4. cxd5 exd5 5. Bg5 Be7 6. e3 O-O 7. Bd3 h6 8. Bh4 Nbd7 9. Nge2 b6 10. Qc2 Bb7 11. Rd1 a6 12. O-O Rc8 13. f3 Re8 14. Bf2 c5 15. dxc5 Bxc5 16. Nd4 Ne5 17. Bf5 Rc7 18. Nb3 g6 19. Nxc5 bxc5 20. Bd3 Qe7 21. Rfe1 Rcc8 22. Bf1 Qe6 23. Bh4 Ned7 24. Bd3 Kg7 25. Bf2 Qc6 26. Qb1 Re7 27. Bc2 Nb6 28. Ne2 Nc4 29. Nf4 g5 30. Ne2 Rce8 31. Ng3 Bc8 32. Qc1 Nd6 33. b3 Re5 34. Bb1 Bf5 35. e4 dxe4 36. Bd4 R5e6 37. Nh5+ Kg6 38. Nxf6 Rxf6 39. Bxf6 Kxf6 40. Qc3+ Re5 41. fxe4 Nxe4 42. Bxe4 Bxe4 43. Rf1+ Ke6 44. Rxf7 Rf5 45. Rxf5 Kxf5 46. Rc1 Kg6 47. Qxc5 Qf6 48. Qe3 Qf5 49. Re1 Bd5 50. Qe8+ Kg7 51. Qe5+ Kg6 52. Qxf5+ Kxf5 53. Kf2 h5 54. Re7 Bc6 55. a4 Be4 56. b4 Bd3 57. Re3 Bc2 58. b5 Bxa4 59. bxa6 Bc6 60. a7 Kf6 61. Rc3 Bb7 62. Rc7 Bd5 63. Rc8 h4 64. a8=Q Bxa8 65. Rxa8 g4 66. Ra4 Kf5 67. h3 gxh3 68. gxh3 Kg5 69. Rg4+ Kf6 70. Rxh4 Kg5 71. Rg4+ Kh5 72. Kf3 Kh6 73. Kf4 Kh7 74. Kf5 Kh6 75. Kf6 Kh5 76. Ra4 Kh6 77. Rh4# 1-0

[Event "European School-ch 2019"]
[Site "Mamaia"]
[Date "2019.06.08"]
[Round "9.14"]
[White "Simonyan, Grigori"]
[Black "Tashev, Aleksandar"]
[Result "1/2-1/2"]
[WhiteElo "2019"]
[BlackElo "2119"]
[Annotator "NA"]
[PlyCount "88"]
[EventDate "2019.05.31"]
[EventType "swiss"]
[EventCountry "ROU"]
[SourceTitle "playchess.com"]
[Source "ChessBase"]
[SourceQuality "1"]

1. e4 c5 2. Nf3 e6 3. d4 cxd4 4. Nxd4 Nc6 5. Nxc6 bxc6 6. Bd3 d5 7. O-O Nf6 8. Nd2 Be7 9. b3 a5 10. a4 Ba6 11. Bxa6 Rxa6 12. e5 Nd7 13. Qg4 Nxe5 14. Qe2 Ra8 15. Bb2 Ng6 16. Bxg7 Rg8 17. Bh6 Bg5 18. Bxg5 Qxg5 19. g3 h5 20. Kh1 Qf5 21. f4 Kd7 22. Nf3 Kc7 23. Nd4 Qg4 24. Qxg4 hxg4 25. f5 Nf8 26. fxe6 fxe6 27. Rxf8 Raxf8 28. Nxe6+ Kd6 29. Nxf8 Rxf8 30. Kg2 Re8 31. Rf1 Kc5 32. Rf6 d4 33. Rf2 Kb4 34. h3 gxh3+ 35. Kxh3 Rh8+ 36. Kg2 Kc3 37. g4 Rg8 38. Kg3 c5 39. Re2 Rg7 40. Kf4 Rf7+ 41. Kg5 Rf1 42. Re5 Kb4 43. Re2 Kc3 44. Re5 Kb4 1/2-1/2

[Event "European School-ch 2019"]
[Site "Mamaia"]
[Date "2019.06.08"]
[Round "9.15"]
[White "Dias, Savin"]
[Black "Dobre, Radu-Fabian"]
[Result "0-1"]
[WhiteElo "1858"]
[BlackElo "1978"]
[Annotator "NA"]
[PlyCount "102"]
[EventDate "2019.05.31"]
[EventType "swiss"]
[EventCountry "ROU"]
[SourceTitle "playchess.com"]
[Source "ChessBase"]
[SourceQuality "1"]

1. e4 e5 2. Nf3 Nc6 3. Bc4 Bc5 4. c3 Nf6 5. d3 a6 6. Bb3 Ba7 7. O-O d6 8. h3 h6 9. Re1 O-O 10. Nbd2 Ne7 11. Nf1 Ng6 12. Ng3 Re8 13. d4 b5 14. Nf5 exd4 15. Bxh6 gxh6 16. Nxh6+ Kg7 17. Nxf7 Qe7 18. Qd2 Ng8 19. Nxd4 Bd7 20. Ng5 Bxd4 21. Qxd4+ Qe5 22. Nf3 Qxd4 23. cxd4 Be6 24. Bxe6 Rxe6 25. Rac1 Re7 26. d5 Nf6 27. Nd4 Kf7 28. Ne6 Ne8 29. Rc3 c5 30. Rf3+ Nf6 31. Ng5+ Kg7 32. Ne6+ Kf7 33. g4 Ne5 34. Rf5 Rxe6 35. dxe6+ Kxe6 36. Kg2 c4 37. Re2 Rc8 38. f4 Nc6 39. Rg5 b4 40. Rg6 Kf7 41. f5 c3 42. bxc3 bxc3 43. g5 Nh5 44. Rf2 Ne5 45. Rxd6 c2 46. g6+ Kg7 47. Rxc2 Rxc2+ 48. Kf1 Nf3 49. Rd7+ Kf6 50. Rf7+ Kg5 51. h4+ Kf4 0-1

[Event "European School-ch 2019"]
[Site "Mamaia"]
[Date "2019.06.08"]
[Round "9.16"]
[White "Larichev, Prokhor"]
[Black "Kanli, Alperen"]
[Result "0-1"]
[WhiteElo "1764"]
[BlackElo "1790"]
[Annotator "NA"]
[PlyCount "118"]
[EventDate "2019.05.31"]
[EventType "swiss"]
[EventCountry "ROU"]
[SourceTitle "playchess.com"]
[Source "ChessBase"]
[SourceQuality "1"]

1. e4 c5 2. Nf3 e6 3. d4 cxd4 4. Nxd4 a6 5. Bd3 Qc7 6. O-O Nf6 7. c4 Nc6 8. Nxc6 dxc6 9. Nc3 e5 10. b3 Bc5 11. Be3 Bxe3 12. fxe3 Bg4 13. Be2 Be6 14. Kh1 Qa5 15. Qc2 Qc5 16. Qc1 b5 17. cxb5 axb5 18. Nd5 Qxc1 19. Nxf6+ gxf6 20. Rfxc1 Bd7 21. a4 bxa4 22. bxa4 Ra5 23. Kg1 Ke7 24. Kf2 Rb8 25. Rc4 Rb2 26. h3 Bc8 27. Rxc6 Ba6 28. Re1 Rxa4 29. Kf3 Bxe2+ 30. Rxe2 Rxe2 31. Kxe2 Rxe4 32. Kf3 Ra4 33. Rc8 Rh4 34. Rh8 f5 35. Ra8 Kf6 36. Ra5 Rb4 37. Rc5 h5 38. Rc6+ Kg5 39. Rc5 f6 40. Rc8 f4 41. Rg8+ Kf5 42. g4+ hxg4+ 43. hxg4+ Ke6 44. exf4 Rxf4+ 45. Kg3 f5 46. gxf5+ Rxf5 47. Ra8 Rf4 48. Ra6+ Kf5 49. Ra5 Rf1 50. Rb5 Ra1 51. Kf3 Ra3+ 52. Ke2 Kf4 53. Rb4+ e4 54. Kf2 Ra2+ 55. Ke1 Kf3 56. Rb8 Ra1+ 57. Kd2 e3+ 58. Kd3 Rd1+ 59. Kc2 e2 0-1

[Event "European School-ch 2019"]
[Site "Mamaia"]
[Date "2019.06.08"]
[Round "9.17"]
[White "Creanga, Robert-Ionut"]
[Black "Pancewicz, Szymon"]
[Result "1-0"]
[WhiteElo "2128"]
[BlackElo "1724"]
[Annotator "ChessBase"]
[PlyCount "65"]
[EventDate "2019.05.31"]
[EventType "swiss"]
[EventCountry "ROU"]
[SourceTitle "playchess.com"]
[Source "ChessBase"]
[SourceQuality "1"]

1. d4 Nf6 2. c4 g6 3. f3 Bg7 4. e4 d6 5. Nc3 O-O 6. Be3 e5 7. Nge2 c6 8. Qd2 Nbd7 9. Nc1 Nh5 10. d5 cxd5 11. Nxd5 f5 12. exf5 gxf5 13. Ne2 Nb6 14. Nxb6 axb6 15. Nc3 e4 16. O-O-O exf3 17. gxf3 Be6 18. Bd4 Nf6 19. Kb1 f4 20. Rg1 Bf5+ 21. Bd3 Bxd3+ 22. Qxd3 Rf7 23. Nd5 Nxd5 24. Bxg7 Rxg7 25. Qxd5+ Kf8 26. Rxg7 Kxg7 27. Rg1+ Kf6 28. Qg5+ Kf7 29. Qg7+ Ke6 30. Re1+ Kf5 31. Qg4+ Kf6 32. Qxf4+ Kg7 33. Rg1+ 1-0

[Event "European School-ch 2019"]
[Site "Mamaia"]
[Date "2019.06.08"]
[Round "9.18"]
[White "Tarhan, Adar"]
[Black "Aubury, Benjamin"]
[Result "1-0"]
[WhiteElo "1964"]
[BlackElo "1681"]
[Annotator "NA"]
[PlyCount "65"]
[EventDate "2019.05.31"]
[EventType "swiss"]
[EventCountry "ROU"]
[SourceTitle "playchess.com"]
[Source "ChessBase"]
[SourceQuality "1"]

1. e4 c6 2. d4 d5 3. e5 c5 4. dxc5 Nc6 5. Nf3 Bg4 6. Bb5 Qa5+ 7. Nc3 e6 8. Be3 Nge7 9. a3 Nf5 10. b4 Nxe3 11. Bxc6+ bxc6 12. fxe3 Qc7 13. O-O Be7 14. Qd4 Bf5 15. e4 Bg6 16. exd5 exd5 17. Rf2 O-O 18. Qe3 a5 19. Re1 Rab8 20. Qd4 Qa7 21. e6 axb4 22. exf7+ Bxf7 23. axb4 Bf6 24. Ne5 Rfe8 25. Rfe2 Qa3 26. b5 Re6 27. bxc6 Rxc6 28. Nxd5 Bxe5 29. Rxe5 Kf8 30. Ne7 Rc7 31. Qd6 Rcb7 32. Nc8+ Kg8 33. Qd8+ 1-0

[Event "European School-ch 2019"]
[Site "Mamaia"]
[Date "2019.06.08"]
[Round "9.19"]
[White "Cnejev, Vladimir-Alexandru"]
[Black "Samunenkov, Ihor"]
[Result "0-1"]
[WhiteElo "1970"]
[BlackElo "1972"]
[Annotator "NA"]
[PlyCount "70"]
[EventDate "2019.05.31"]
[EventType "swiss"]
[EventCountry "ROU"]
[SourceTitle "playchess.com"]
[Source "ChessBase"]
[SourceQuality "1"]

1. e4 c5 2. Nf3 Nc6 3. c3 d5 4. exd5 Qxd5 5. d4 Bf5 6. Be3 Nf6 7. Be2 e6 8. O-O Be7 9. Nbd2 O-O 10. Qb3 b6 11. Nc4 b5 12. Nce5 c4 13. Nxc6 Qxc6 14. Ne5 Qb6 15. Qd1 Rfd8 16. a4 a6 17. b3 Nd5 18. Bd2 f6 19. Nf3 b4 20. Bxc4 Nxc3 21. Bxc3 bxc3 22. Qe1 Bb4 23. Nh4 Kh8 24. Nxf5 exf5 25. d5 Re8 26. Qb1 g6 27. Qc2 Re4 28. Rfe1 Rae8 29. Kf1 Qd4 30. g3 a5 31. Rad1 Qe5 32. Re2 Rxe2 33. Qxe2 Ba3 34. Qc2 Qe4 35. Qxe4 fxe4 0-1